Evil Lair Escape Logic Puzzle Quiz Stats

 Plays Quiz Updated Oct 30, 2018

Score 0/20 Timer 20:00
21 Plays Today
% Correct






A1
???
100%






D2
???
80.4%






D3
???
70.9%






C3
???
64.2%






C2
???
52.2%






A4
???
41.9%






B4
???
29.1%






E4
???
27.7%






B1
???
24.7%






D4
???
21.9%
% Correct






E2
???
21.6%






B3
???
18.7%






E1
???
18.1%






C1
???
17.2%






A2
???
13.4%






B2
???
12.7%






C4
???
10.8%






E3
???
9.6%






A3
???
8.8%






D1
???
8.4%

You're not logged in!

Compare scores with friends on all Sporcle quizzes.
OR
Log In

Show Comments

Extras

Top Quizzes Today


Score Distribution

Your Account Isn't Verified!

In order to create a playlist on Sporcle, you need to verify the email address you used during registration. Go to your Sporcle Settings to finish the process.

Report this User

Report this user for behavior that violates our Community Guidelines.

Details: